00776cam a22002533a 45000010005000000030006000050050017000110080041000280400015000690420007000840500007000911000030000982450096001282600029002245060030002535160020002836530023003036530032003266530062003586530016004206530017004368300028004538560041004816066PGUSA20140828083128.0040701s2004||||xxu|||||s|||||000 1 eng d aPGUSAbeng adc 4aPR1 aMundy, Talbot,d1879-194010aKing--of the Khyber Rifles :bA Romance of Adventureh[electronic resource] /cTalbot Mundy bProject Gutenberg,c2004 aPublic domain in the USA. aElectronic text aHistorical fiction aBritish -- India -- Fiction aIndia -- History -- Sepoy Rebellion, 1857-1858 -- Fiction aWar stories aLove stories 0aProject Gutenbergv606640uhttp://www.gutenberg.org/ebooks/6066